| 000 | 00797nam a2200229Ii 4500 | ||
|---|---|---|---|
| 003 | JO-AjNU | ||
| 008 | 230605s9999||||xx |||||||||||||| ||und|| | ||
| 017 | _a1998/17569 | ||
| 020 | _a977-01-6034-2 | ||
| 040 |
_aJO-AjNU _bara _erda _cJO-AjNU |
||
| 041 | _aara | ||
| 050 | 1 | 4 | _aAG5.M6612.1999 |
| 100 | 3 |
_aمحمد، هاشم احمد مترجم, _eauthor _937720 |
|
| 245 | 0 | 0 | _aعالم الفنون: موسوعة اسئلة واجوبة من كنوز المعرفة، ج4 |
| 264 | 3 | 1 | _aالقاهرة:الهيئة المصرية العامة للكتاب،1999 |
| 300 | _aج4، 181ص | ||
| 336 |
_atext _btxt _2rdacontent |
||
| 337 |
_aunmediated _bn _2rdamedia |
||
| 338 |
_avolume _bnc _2rdacarrier |
||
| 490 | 0 | _aسلسلة العلم والحياة | |
| 650 | 4 |
_aالفنون _937721 |
|
| 999 |
_aA15786 _c19354 _d19354 |
||